| 000 | 00424cam a2200169ua 4500 | ||
|---|---|---|---|
| 020 | _c1.00 | ||
| 041 |
_aeng _h |
||
| 082 |
_a823.301 _bDOR/LI |
||
| 100 | _aDoraiswami Naidu, . | ||
| 245 |
_aLittle mermaid and other stories / _cDoraiswami naidu. _hTextual Documents |
||
| 260 |
_aLondon : _bOrient-Longman Ltd , _c1967. |
||
| 300 | _a73 ; . | ||
| 365 | _a1.00 | ||
| 504 | _a | ||
| 942 | _cBK | ||
| 999 |
_c4161 _d4161 |
||